|
|
|
|
| LEADER |
00568cam a2200169ua 4500 |
| 008 |
060815t||||||||||| 00 ||mal c |
| 041 |
0 |
|
|a mal
|
| 082 |
|
|
|a 494.812 071
|b RAV/M
|
| 100 |
0 |
|
|a Ravi,, Irinchayam.
|
| 245 |
1 |
0 |
|a Malayala bhasha bodhanam /
|
| 260 |
|
|
|a Thiruvananthapuram:
|b Institute of fundamental education and research,
|
| 300 |
|
|
|a 308.
|
| 504 |
|
|
|a .
|
| 650 |
0 |
|
|a Malayalam language
|
| 942 |
|
|
|c BK
|
| 999 |
|
|
|c 6484
|d 6484
|
| 952 |
|
|
|0 0
|1 0
|4 0
|6 494_812000000000000_071_RAV
|7 0
|9 6816
|a KUCL
|b KUCL
|d 2014-05-23
|l 1
|o 494.812 071 RAV/
|p 11671
|r 2016-11-15
|s 2016-10-31
|w 2014-05-23
|y BK
|